| 000 | 00420nam a2200157Ia 4500 | ||
|---|---|---|---|
| 003 | GCL | ||
| 008 | 140319s9999 xx 000 0 ara d | ||
| 040 |
_aGCL / _cGCL |
||
| 082 | 0 | 4 |
_a928.22 _bن م |
| 100 | 1 | _aنبيل راغب | |
| 245 | 1 | 0 |
_aموسوعة ادباء امريكا / _cنبيل راغب |
| 490 | _a | ||
| 650 | 0 | 4 | _aالادباء |
| 650 | 0 | 4 | _aالادب الامريكى - تراجم |
| 942 |
_2ddc _cBK |
||
| 999 |
_c39128 _d39128 |
||